000 00748naa a2200205 a 4500
001 80295
003 BD-RjUL
005 20220904121706.0
008 220904s1959 p ||||| |||| 00| 0 u d
035 _a(BD-RjUL) 80295
040 _aBD-RjUL
_beng
_cBD-RjUL
041 _aurd
082 _223
_a297
_bSHU 1959
100 1 _a Shirwani, Muhammad Habib-ur-Rehman Khan ;; شروانی, محمد حبيب الرحمن خان
_94623
245 1 0 _a علمائے سلف و نابینا علماء /// ulama salf wa Nabiena ulama /
_cMuhammad Habib Rahman Khan Sherwani //// محمد حبيب الرحمن خان شروانی
260 _aLahore :
_bSazzad pab ,
_c1959
300 _a132,+31 p. ;
_c22 cm
650 _aIslam
942 _2ddc
_cBK
999 _c80295
_d80295